call of duty bo4 maps - Statistiques

Statistiques générales
  • Ce quiz a été pris 54 fois
  • Le résultat moyen est 6 sur 16
Statistiques - réponses
Par images Réponse % Correct
Arsenal
75%
Firing range
66%
Nuketown
63%
Jungle
47%
Slums
41%
Contraband
38%
Hacienda
38%
Morocco
34%
Summit
34%
Grind
31%
Frequency
28%
Gridlock
28%
Seaside
28%
Militia
25%
Icebreaker
22%
Payload
19%
Aucun quiz correspondant
Distribution des résultats
% des personnes avec chaque résultat
Percentile par nombre de réponses
Votre historique - résultats
Vous n’avez pas pris ce quiz